000
00204 a2200097 4500
001
19856
100
_a
Hussaini
245
_a
Ikhlaq-e-Muhammad
260
_a
_b
Educational Press
_c
090
_c
14478
_d
14478
942
_a
NUST-CAE
_c
M
_c
4978
999
_c
254929
_d
254929